000 00626nam a2200181 i 4500
001 147866
003 ES-MaACL
005 20230906202308.0
008 071008s1960 sp ||||1| spa d
080 _a86(Pérez de Ayala, Ramón 1.06)
100 1 _aUrrutia, Norma.
_9138866
245 1 0 _aDe Troteras a Tigre Juan
_b: dos grandes temas de Ramón Pérez de Ayala /
_cNorma Urrutia.
260 _aMadrid :
_bÍnsula,
_c[1960]
300 _a127 p. ;
_c25 cm.
600 1 7 _aPérez de Ayala, Ramón,
_d1880-1962-
_xCrítica e interpretación
_2
_9138868
852 4 _aES-MaACL
_jC-18428
_bR.46176
999 _c147866
_d147866